Score 0/25 Timer 04:00
0 Plays Today
Rank Word % Correct
7man
54.9%
14woman
53.7%
2person
48.4%
6thing
42.2%
15place
36.2%
16work
35.2%
12child
32.7%
1time
30.9%
5day
29.6%
10hand
24.6%
13eye
20.8%
3year
19.3%
8world
15.4%
Rank Word % Correct
17week
14.2%
9life
13.9%
4way
7.6%
22number
6.8%
20government
6.8%
11part
4.7%
19point
3.6%
18case
3.6%
23group
3.6%
21company
3.3%
25fact
3.1%
24problem
3.1%
Remove Ads.
Support Sporcle.
Get the best of Sporcle when you Go Orange. This ad-free experience offers more features, more stats, and more fun while also helping to support Sporcle. Thank you for becoming a member.

You're not logged in!

Compare scores with friends on all Sporcle quizzes.
OR
Log In

Show Comments

Extras

Top Quizzes Today


Score Distribution

Your Account Isn't Verified!

In order to create a playlist on Sporcle, you need to verify the email address you used during registration. Go to your Sporcle Settings to finish the process.

Report this User

Report this user for behavior that violates our Community Guidelines.

Details: